000 00606na a2200205 4500
001 16592
003 MIRAKIL
005 20181213154857.0
008 161014b tu 000 0
040 _aMilas
_btur
_cTR-AnCHP
041 _atur
_aeng
082 _a915.6638
_bV25 [t.y.]
090 _a915.6638 V25 [t.y.]
245 _aVan turizm rehberi
_b= Tourism guide of Van
_cVan Valiliği
260 _aVan
_bVan Il Kültür ve Turizm Müdürlüğü
_c[t.y.]
300 _a93 s.
_brnkl. fotg., hrt.,tbl.
_c21 sm.
651 _aVan
_xTanıtım kitapları
651 _aVan
_xKılavuzlar
942 _2ddc
_cBKS
999 _c2427
_d2427